MARC

Tag First Indicator Second Indicator Subfields
LEADER 00000cam a2200000 i 4500
001 in00004635802
006 m o d
007 cr |||||||||||
008 210923s2021 gaua obt s001 0 eng d
005 20230103223540.6
035 |a (OCoLC)on1269006931 
040 |a GUA  |b eng  |e rda  |e pn  |c GUA  |d OCLCO  |d OCLCF  |d JSTOR  |d OCLCQ  |d OCLCO 
020 |a 9780820361246  |q (ebook) 
020 |a 0820361240  |q (ebook) 
020 |z 9780820361260  |q (hardcover) 
020 |z 9780820361253  |q (paperback) 
035 |a (OCoLC)1269006931 
037 |a 22573/ctv21c1p3h  |b JSTOR 
043 |a n-us-ga 
050 4 |a F295.S1  |b U813 2021 v. 6 
072 7 |a HIS  |x 036020  |2 bisacsh 
072 7 |a HIS  |x 036120  |2 bisacsh 
082 0 4 |a 975.800431  |2 23 
049 |a TXAM 
100 1 |a Urlsperger, Samuel,  |d 1685-1772,  |e author. 
240 1 0 |a Ausführliche Nachricht von den saltzburgischen Emigranten.  |k Selections.  |l English 
245 1 0 |a Detailed reports on the Salzburger emigrants who settled in America ...  |n Volume 6,  |p 1739 /  |c edited by Samuel Urlsperger ; translated and edited by George Fenwick Jones and Renate Wilson ; with a new foreword by Ben Marsh. 
264 1 |a Athens :  |b University of Georgia Press,  |c 2021. 
300 |a 1 online resource (xxvi, 359 pages) :  |b illustrations 
336 |a text  |b txt  |2 rdacontent 
337 |a computer  |b c  |2 rdamedia 
338 |a online resource  |b cr  |2 rdacarrier 
500 |a Translation of the part of Ausführliche Nachricht von den saltzburgischen Emigranten, die sich in America niedergelassen habe which covers the period 1739. 
504 |a Includes bibliographical references and index. 
536 |a The Georgia Open History Library has been made possible in part by a major grant from the National Endowment for the Humanities: Democracy demands wisdom. Any views, findings, conclusions, or recommendations expressed in this collection, do not necessarily represent those of the National Endowment for the Humanities. 
588 0 |a Online resource; title from PDF title page (viewed July 15, 2021) 
650 0 |a Salzburgers  |z Georgia  |x History  |v Sources. 
650 0 |a German Americans  |z Georgia  |x History  |v Sources. 
650 0 |a Lutherans  |z Georgia  |x History  |v Sources. 
651 0 |a Ebenezer (Effingham County, Ga.)  |x History  |v Sources. 
651 0 |a Georgia  |x History  |y Colonial period, ca. 1600-1775  |v Sources. 
650 0 |a Stockbridge Indians  |x Missions  |x History  |v Sources. 
650 0 |a Indians of North America  |x Missions  |z Georgia  |x History  |v Sources. 
650 6 |a Salzbourgeois  |z Géorgie (État)  |x Histoire  |v Sources. 
650 6 |a Américains d'origine allemande  |z Géorgie (État)  |x Histoire  |v Sources. 
650 6 |a Luthériens  |z Géorgie (État)  |x Histoire  |v Sources. 
651 6 |a Géorgie (État)  |x Histoire  |y ca 1600-1775 (Période coloniale)  |v Sources. 
650 7 |a HISTORY  |z United States  |x Colonial Period (1600-1775)  |2 bisacsh 
650 7 |a German Americans.  |2 fast  |0 (OCoLC)fst00941308 
650 7 |a Indians of North America  |x Missions.  |2 fast  |0 (OCoLC)fst00969849 
650 7 |a Lutherans.  |2 fast  |0 (OCoLC)fst01004072 
650 7 |a Salzburgers.  |2 fast  |0 (OCoLC)fst01104474 
650 7 |a Stockbridge Indians  |x Missions.  |2 fast  |0 (OCoLC)fst01133656 
651 7 |a Georgia.  |2 fast  |0 (OCoLC)fst01204622 
651 7 |a Georgia  |z Ebenezer (Effingham County)  |2 fast  |0 (OCoLC)fst01314295 
648 7 |a 1600-1775  |2 fast 
655 7 |a Electronic books.  |2 local 
655 7 |a History.  |2 fast  |0 (OCoLC)fst01411628 
655 7 |a Sources.  |2 fast  |0 (OCoLC)fst01423900 
700 1 |a Jones, George Fenwick,  |d 1916-2010,  |e editor. 
700 1 |a Wilson, Renate,  |d 1930-  |e translator. 
700 1 |a Marsh, Ben,  |d 1976-  |e writer of foreword. 
710 2 |a JSTOR (Organization) 
856 4 0 |u https://www.jstor.org/stable/10.2307/j.ctv21d62d4  |z Connect to the full text of this electronic book  |t 0 
955 |a JSTOR Open Access ebooks 
994 |a 92  |b TXA 
999 f f |s cdc30f73-1123-47c9-8d89-b9436ed61c7b  |i f4aa9574-0b2a-45ed-a659-eb4b6bc6c3b1  |t 0 
952 f f |a Texas A&M University  |b College Station  |c Electronic Resources  |d Available Online  |t 0  |e F295.S1 U813 2021 v. 6  |h Library of Congress classification 
998 f f |a F295.S1 U813 2021 v. 6  |t 0  |l Available Online